000 00455cam a2200181ua 4500
020 _c6.00
041 _ahin
_h
082 _a891.54
_bNAN/HI
100 _aNandadulari, Vajpeyi .
245 _aHindi sahithya:Bisvim satabdi /
_cVajpayi Nanda dulari.
_hTextual Documents
250 _a1 /
_b.
260 _aIlahabad :
_bLokbharati prakashan ,
_c1963.
300 _a208 ; .
365 _a6.00
504 _a
942 _cBK
999 _c3719
_d3719